000 00683nam a2200241Ia 4500
003 OSt
005 20220918174426.0
006 a|||||r|||| 00| 0
007 ta
008 220917b |||||||| |||| 00| 0 eng d
024 _a12,082
037 _cTextual
040 _aARTS
_cARTS
_beng
041 _2eng
_aeng
082 _a/\2y7M36, L4
100 _aStark Claude Alan
_950444
245 0 _aGod of all
_b Sri Ramakrishana's approach to religious plurality
260 _aCape
_bCod Claude Stark
_c1974
300 _axvii,236p. Bibliography
_ccm.
650 _aSPIRITUALISM
942 _h/\2y7M36, L4
_cTEXL
_2CC
999 _c153133
_d153133